000 00516nam a2200193Ia 4500
005 20250326141612.0
008 250326s9999 xx 000 0 und d
020 _a81-7041-366-4
037 _aTextbook
040 _aFMSL
_beng
_cFMSL
041 _aeng
_2eng
084 _aX:89T N1
_qFMSL
100 _aPrem Kumar
245 0 _aMaterials management
_cPrem Kumar; Ghosh A K
260 _aNew Delhi
_bNew Delhi, Anmol
_c1991
300 _a235p
942 _cTB
_hX:89T N1
999 _c1291100
_d1291100